Ordinacions de la Mesa del Vi de la ciutat de Tarragona 1382-1424. Actes Municipals 1396
Descripción Física:
211 p. ; 24 cm
MARC
| LEADER | 00000nam a2200000Ia 4500 | ||
|---|---|---|---|
| 001 | 10886 | ||
| 008 | 160829s1995 xx 000 0 cat d | ||
| 080 | |a M-3-16 | ||
| 245 | |a Ordinacions de la Mesa del Vi de la ciutat de Tarragona 1382-1424. Actes Municipals 1396 | ||
| 260 | |a Tarragona : |b Ajuntament, |c 1995 | ||
| 300 | |a 211 p. ; |c 24 cm | ||
| 490 | |a Col·lecció de Documents de l'Arxiu Històric Municipal de Tarragona ; 10 | ||
| 590 | |a Abans del títol: Actes Municipals | ||
| 650 | |a Vinicultura |x Catalunya |x S. XIV |x Història |9 26621 | ||
| 710 | 1 | |a Tarragona (Catalunya). |b Ajuntament |9 55108 | |
| 901 | |a Arxiu | ||
| 942 | |n 1 | ||
| 952 | |0 0 |1 0 |4 0 |6 M316 |7 1 |9 44083 |a Arxiu |b Arxiu |d 2016-12-01 |l 0 |o M-3-16 |p 10886 |r 2016-12-01 00:00:00 |w 2016-12-01 |y ARXIU | ||
| 999 | |c 46663 |d 46663 | ||